00606cam a22001812 4500001001100000005001700011008004100028020002800069040001500097100003200112245012100144250002800265260003800293300001700331650003600348700003700384852000300421000002130020151217155231.0120312s xx 000 0 eng d a00740264380 :cKES 1995 aKABUcKABU1 aPearce, John A.@000015062110aStrategic management :bformulation, implementation and control /cJohn A. Pearce, Richard B. Robinson, Amita Mital. a10th Special Indian ed. aNew Delhi :b McGraw-Hill,c2007. axxvi, 788 p. 0aStrategic planning.@00001505761 aRobinson, Richard B.@00001506221